Normal view
MARC view
Entry Personal Name
001 - CONTROL NUMBER
- control field: 49674
003 - CONTROL NUMBER IDENTIFIER
- control field: ARRUPE
005 - DATE AND TIME OF LATEST TRANSACTION
- control field: 20200317101337.0
008 - FIXED-LENGTH DATA ELEMENTS
- fixed length control field: 200317|| aca||aabn | a|a d
040 ## - CATALOGING SOURCE
- Original cataloging agency: ARRUPE
- Transcribing agency: ARRUPE
100 ## - HEADING--PERSONAL NAME
- Personal name: Chadwick, Hubert
670 ## - SOURCE DATA FOUND
- Source citation: Work cat.: (ARRUPE): Chadwick, Hubert, Life of the venerable Goncalo da Silveira of the society of Jesus, 2018